000 00511nam a2200193Ia 4500
005 20250508151042.0
008 008 250505s9999 xx 000 0 eng d
037 _aTextual
040 _aFEDL
_beng
_cFEDL
041 _aeng
_2eng
084 _a152.452, JAC
_qFEDL
100 _aJackson Lydia
245 0 _aTest of family attitudes
260 _aLondon, UK
_bMethuen and Co. Ltd
_c1952
300 _a37p.
365 _aINR
_b8
942 _cTEXL
_h152.452, JAC
999 _c1327285
_d1327285